00313nam a2200133 450000500170000002000180001708200190003508400250005410000130007924500170009225000120010926000480012130000100016920260130121538.0 a9789395161909 a174.962bTRI.H 2Colon Classification aTripathi aHuman values a4th ed. a NewDelhi:b New Age International, c2024. a342p.